| 000 | 00477nam a2200157Ia 4500 | ||
|---|---|---|---|
| 008 | 230312s9999||||xx |||||||||||||| ||und|| | ||
| 020 | _a0-443-07061-X | ||
| 082 |
_a616.7075 _bPET-N |
||
| 100 | _aPetty;Nicola.J | ||
| 245 | 0 | _aNeuromusculoskeletal Examination ans Assessment:HandBook for Therapists | |
| 260 |
_bChurchill Livingstone _aChina _c2001 |
||
| 300 | _a377 | ||
| 546 | _aEng. | ||
| 650 |
_aPhysiotherapy _vNeuromusculoskeletal Examination ans Assessment |
||
| 942 | _cBK | ||
| 999 |
_c9110 _d9110 |
||